000 00784nam a22002657a 4500
001 9388
003 FISKH
005 20251217161045.0
008 251217b cb ||||| |||| 00| 0 eng d
020 _a0811425185
040 _aFISKH
_beng
_cFISKH
_dFISKH
050 _aTN870.3 .B35
082 _a622.338
100 _aBailey, Donna
_eAuthor
245 _aEnergy from oil and gas :
_bFact about /
_cDonna Bailey
260 _aTexas :
_bSteck-Vaughn Company ,
_c1990
300 _a48 pages :
_bphotographs ;
_c24 cm
505 _aR
520 _aDiscusses how deposits of oil and natural gas are formed, discovered, extracted, and used.
521 8 _a750
_bLexile estimate
521 8 _aR
_bRaz-Plus
650 _aScience
_vEnergy
942 _2ddc
_cBK
_n0
999 _c9388
_d9388